[Event "Pays de Charleroi Open"]
[Site "Charleroi BEL"]
[Date "2011.08.06"]
[Round "9.11"]
[White "Di Cosmo,J"]
[Black "De Strycker,Nathan"]
[Result "1/2-1/2"]
[WhiteElo "2073"]
[BlackElo "1800"]

1.d4 Nf6 2.c4 g6 3.Nc3 Bg7 4.e4 d6 5.Be2 O-O 6.Nf3 e5 7.O-O Nc6 8.d5 Ne7
9.Ne1 Nd7 10.Nd3 f5 11.Bd2 Nf6 12.f3 f4 13.c5 g5 14.cxd6 cxd6 15.Nf2 h5 16.h3 Kh7
17.Qc2 a6 18.a4 b6 19.Ra3 Bh6 20.Rc1 Rg8 21.Na2 Ra7 22.Nb4 g4 23.hxg4 hxg4
24.fxg4 Nxg4 25.Nxg4 Bxg4 26.Bxa6 Qe8 27.Bf1 Qh5 28.Rc3 Bg5 29.Be1 f3 30.Ra1 fxg2
31.Bxg2 Bf4 32.Raa3 Kg7 33.Rc7 Bh2+ 34.Kf1 Be2+ 35.Qxe2 Qxe2+ 36.Kxe2 Rxc7
37.Bf2 Rc4 38.Rb3 Ra8 39.Kd3 Rcc8 40.Ra3 Ng6 41.Bf3  1/2-1/2

[Event "Politiken Cup"]
[Site "Helsingor DEN"]
[Date "2011.08.06"]
[Round "9.2"]
[White "Nielsen,PH"]
[Black "Berg,E"]
[Result "1-0"]
[WhiteElo "2681"]
[BlackElo "2604"]

1.d4 Nf6 2.c4 g6 3.Nc3 Bg7 4.e4 d6 5.Nf3 O-O 6.Be2 e5 7.O-O Nc6 8.d5 Ne7
9.Nd2 Kh8 10.b4 a5 11.bxa5 c5 12.Nb3 Nd7 13.Nb5 Ra6 14.Be3 f5 15.f3 f4 16.Bf2 h5
17.g4 hxg4 18.fxg4 f3 19.Bxf3 g5 20.Bg3 Ng6 21.Na3 Rf4 22.Nc2 Nh4 23.Bh1 Nf6
24.Ne3 Nxe4 25.Bxf4 Nc3 26.Qc2 exf4 27.Ng2 Bxg4 28.Nxh4 gxh4 29.Rae1 Qg8
30.Bf3 Bh3 31.Bg2 Be5 32.Rxf4 Qg5 33.Rf8+ Kg7 34.Ref1 Kh6 35.R8f7 Qxg2+ 36.Qxg2 Bxg2
37.Kxg2 b6 38.Re7 Nxa2 39.Re6+ Kg7 40.Rf5 Nb4 41.Rfxe5 dxe5 42.Rxb6 Ra8 43.Nxc5 Nc2
44.d6 Ne3+ 45.Kh3 Nxc4 46.d7 Kf7 47.Nb7 Nxb6 48.d8=Q Rxd8 49.Nxd8+ Ke8 50.axb6  1-0

[Event "Arad Open A"]
[Site "Arad ROU"]
[Date "2011.08.07"]
[Round "3"]
[White "Manolache,M"]
[Black "Rusan,P"]
[Result "1-0"]
[WhiteElo "2533"]
[BlackElo "2254"]

1.d4 g6 2.Nf3 Bg7 3.c4 Nf6 4.Nc3 O-O 5.e4 d6 6.Be2 e5 7.O-O Nc6 8.d5 Ne7
9.Nd2 Ne8 10.b4 f5 11.a4 Nf6 12.c5 Rf7 13.a5 Bh6 14.Bb2 Bxd2 15.Qxd2 f4 16.f3 g5
17.b5 Ne8 18.b6 axb6 19.axb6 Rxa1 20.Rxa1 cxb6 21.cxd6 Nxd6 22.Nb5 Nxb5 23.Bxb5 Ng6
24.Ra8 g4 25.d6 Kg7 26.d7 Rxd7 27.Bxd7 Qxd7 28.Qc2 gxf3 29.Rxc8 Qg4 30.h3 Qg5
31.Rc7+ Kh6 32.Rf7 Nh4 33.Qf2 Kg6 34.Rxb7 fxg2 35.Qxb6+ Qf6 36.Kf2 f3 37.Bxe5 Qxb6+
38.Rxb6+ Kh5 39.Bh2  1-0

[Event "3rd Muelheimer UrlaubsOpen"]
[Site "Muelheim GER"]
[Date "2011.08.07"]
[Round "6"]
[White "Beckmann,D"]
[Black "Rothkugel,W"]
[Result "*"]
[WhiteElo "2011"]
[BlackElo "1990"]

1.d4 Nf6 2.Nf3 d6 3.c4 g6 4.Nc3 Bg7 5.e4 O-O 6.Be2 e5 7.O-O Nc6 8.d5 Ne7
9.Ne1 Ne8 10.Be3 f5 11.f3 f4 12.Bf2 g5 13.Nd3 Rf6 14.Rc1 Rg6 15.c5 h5 16.Nb5 g4
17.cxd6 cxd6 18.Bh4 Bd7 19.a4 a6 20.Na3 Bf6 21.Bxf6 Nxf6 22.Kf2 g3+ 23.hxg3 Rxg3
24.Qb3 Rb8 25.Nxe5 Nxe4+ 26.Ke1 Qa5+ 27.Rc3 Nxc3 28.bxc3 Bxa4 29.Nac4 Bxb3
30.Nxa5 Bxd5 31.Nd7 Rc8 32.Nf6+ Kf7 33.Nxh5 Rxg2 34.Nxf4 Rh2 35.Nxd5 Nxd5
36.c4 b6 37.Nb7 Ke7 38.cxd5 Rc7 39.Rg1 Rh7 40.Bd3 Rc1+ 41.Kf2 Rh2+ 42.Rg2 Rxg2+
43.Kxg2 Rc3 44.Bxa6 Ra3 45.Bb5 Ra7 46.Bc6 b5 47.Nxd6 Kxd6 48.Bxb5 Kxd5 49.Bd3 Ke5
50.Be4 Kf4 51.Bd5 Ra5 52.Be4 Ra2+ 53.Kf1 Ke3 54.Bd5 Ra5 55.Be4 Re5 56.Bc6 Rf5
57.Be4 Rxf3+ 58.Bxf3  *

[Event "20th Poznan Open"]
[Site "Poznan POL"]
[Date "2011.08.07"]
[Round "2.11"]
[White "Nawrocki,P"]
[Black "Grabianowski,K"]
[Result "0-1"]
[WhiteElo "2059"]
[BlackElo "1860"]

1.d4 Nf6 2.Nf3 g6 3.c4 Bg7 4.Nc3 d6 5.e4 O-O 6.Be2 Nc6 7.O-O e5 8.d5 Ne7
9.b4 a5 10.Ba3 axb4 11.Bxb4 Nd7 12.Nd2 f5 13.f3 c5 14.dxc6 Qb6+ 15.Kh1 Qxb4
16.cxd7 Qxc3 17.dxc8=Q Rfxc8 18.Nb3 Rd8 19.Rc1 Qe3 20.Qc2 Rac8 21.Rfe1 Qg5
22.Qd3 Bh6 23.Bf1 Qh5 24.g3 Bxc1 25.Rxc1 Qg5 26.Rd1 f4 27.Kg2 Ra8 28.Nc1 Nc6
29.Qd5+ Kg7 30.Qb5 Qe7 31.Qb2 fxg3 32.hxg3 Nd4 33.Ne2 Nxe2 34.Bxe2 Kg8 35.Qb3 Kh8
36.Rd5 b6 37.a4 Qc7 38.Rb5 Rdb8 39.Bd1 Ra5 40.Rb4 Qc5 41.Be2 Kg7 42.Kf1 Kf8
43.Kg2 Rb7 44.Kf1 Ke8 45.Kg2 Kd8 46.Kf1 Kc7 47.Kg2 Kb8 48.Kf1 Ka7 49.Bd1 Rf7
50.Kg2 h5 51.Qb2 g5 52.Qb3 g4 53.Qc3 Ka8 54.Qb3 Ka7 55.Qb2 Qe3 56.Rb3 Qe1
57.Be2 h4 58.gxh4 Qxh4 59.Rxb6 Qh3+ 60.Kf2 gxf3 61.Rxd6 fxe2+ 62.Ke1 Qf1+
63.Kd2 e1=Q+  0-1

[Event "8th Ostroda Open"]
[Site "Ostroda POL"]
[Date "2011.08.08"]
[Round "5.7"]
[White "Gorniewicz,O"]
[Black "Zielinski,Mac"]
[Result "1-0"]
[WhiteElo "1914"]
[BlackElo "2060"]

1.d4 Nf6 2.c4 g6 3.Nc3 Bg7 4.e4 d6 5.Nf3 O-O 6.Be2 e5 7.O-O Nc6 8.d5 Ne7
9.Ne1 Nd7 10.Be3 f5 11.f3 f4 12.Bf2 g5 13.Nd3 Ng6 14.Nb5 a6 15.Na7 Rxa7 16.Bxa7 h5
17.Bf2 Nf6 18.c5 g4 19.cxd6 cxd6 20.Rc1 g3 21.hxg3 fxg3 22.Bxg3 h4 23.Bh2 Bh6
24.f4 Nxe4 25.Bg4 Bd7 26.Bxd7 Qxd7 27.Qh5 Kg7 28.f5 Be3+ 29.Kh1 Qf7 30.Qxg6+ Qxg6
31.fxg6 Rh8 32.Bxe5+ dxe5 33.Rc7+ Kxg6 34.Nxe5+ Kh5 35.Rf5+ Bg5 36.Kh2 Nd6
37.Rf3 Re8 38.Rh7+ Bh6 39.Rf6  1-0

[Event "50th World Juniors"]
[Site "Chennai IND"]
[Date "2011.08.09"]
[Round "7.36"]
[White "Krishna,CRG"]
[Black "Praneeth,S"]
[Result "0-1"]
[WhiteElo "2330"]
[BlackElo "2036"]

1.Nf3 Nf6 2.c4 g6 3.Nc3 Bg7 4.e4 d6 5.d4 O-O 6.Be2 e5 7.O-O Nc6 8.d5 Ne7
9.Ne1 Nd7 10.f3 f5 11.Be3 f4 12.Bf2 g5 13.Rc1 Rf6 14.Nd3 Rh6 15.c5 Qe8 16.Kh1 a6
17.Qb3 Qh5 18.Bg1 Kh8 19.Na4 b5 20.cxb6 cxb6 21.Rc7 b5 22.Nc3 Bf8 23.a4 Nf6
24.axb5 Qh4 25.Rxc8 Nh5 26.Rxf8+ Rxf8 27.h3 Ng3+ 28.Kh2 g4 29.Nf2 Nxf1+ 30.Bxf1 Qg3+
31.Kh1 gxf3 32.gxf3 Qxf3+ 33.Bg2 Qg3 34.Qd1 f3 35.Bxf3 Rxf3 36.Qd2 Rxf2  0-1

[Event "24th Panevezys Open"]
[Site "Panevezys LTU"]
[Date "2011.08.09"]
[Round "1.1"]
[White "Krivonosov,O"]
[Black "Kuvsinov,A"]
[Result "1-0"]
[WhiteElo "2448"]
[BlackElo "2007"]

1.Nf3 Nf6 2.c4 d6 3.d4 g6 4.Nc3 Bg7 5.e4 O-O 6.Be2 Nc6 7.O-O e5 8.dxe5 dxe5
9.Bg5 Re8 10.Qxd8 Nxd8 11.Bxf6 Bxf6 12.Nd5  1-0

[Event "50th World Juniors"]
[Site "Chennai IND"]
[Date "2011.08.10"]
[Round "8.32"]
[White "Artemenko,O"]
[Black "Gagare,Shar"]
[Result "1/2-1/2"]
[WhiteElo "2341"]
[BlackElo "2223"]

1.d4 Nf6 2.c4 g6 3.Nc3 Bg7 4.e4 d6 5.Be2 O-O 6.Nf3 e5 7.O-O Nc6 8.d5 Ne7
9.Ne1 Nd7 10.f3 f5 11.g4 Nf6 12.Nd3 c6 13.Be3 Kh8 14.Kh1 b5 15.b3 Bb7 16.g5 Nh5
17.dxc6 Nxc6 18.cxb5 Nd4 19.Rg1 Nxe2 20.Qxe2 Rc8 21.Nd5 Bxd5 22.exd5 e4 23.fxe4 fxe4
24.Nb2 Rf3 25.Rab1 Qd7 26.Nc4 Rcf8 27.Rg2 Qh3 28.Rbg1 Qd7 29.Nd2 Rh3 30.Rf1 Rxf1+
31.Nxf1 Rf3 32.Rf2 Qf5 33.Bxa7 Rxf2 34.Qxf2 Qxd5 35.Ne3 Qb7 36.Bd4 Kg8 37.Bxg7 Nxg7
38.Qd2 Qxb5 39.Qxd6 Nf5 40.Qd5+ Qxd5 41.Nxd5 Kf7 42.Nc3 Nd6 43.Kg2 Ke6 44.Kf2 Ke5
45.a4 Nb7 46.Ke3 Na5 47.Nxe4 Nxb3 48.Kd3 Nd4 49.Nc5 Kd5 50.Nd7 Nf3 51.Nf6+ Kc6
52.Ke3 Nxg5 53.h4 Nf7 54.Nxh7 Nd6 55.Kf4 Nf5 56.h5 gxh5 57.Kxf5 Kb6 58.Nf6 Ka5
59.Ke4  1/2-1/2

[Event "Cafe Atlantis Masters"]
[Site "Groningen NED"]
[Date "2011.08.11"]
[Round "4.2"]
[White "De Jong,M"]
[Black "Tate,A"]
[Result "1-0"]
[WhiteElo "2376"]
[BlackElo "2342"]

1.d4 Nf6 2.Nf3 g6 3.c4 Bg7 4.Nc3 O-O 5.e4 d6 6.Be2 e5 7.O-O Nc6 8.d5 Ne7
9.Ne1 Nd7 10.Be3 f5 11.f3 f4 12.Bf2 g5 13.a4 a5 14.Nd3 b6 15.b4 axb4 16.Nxb4 Qe8
17.Nb5 Rf6 18.Nxc7 Qh5 19.g4 Qh3 20.Be1 h5 21.Nxa8 Nc5 22.Nd3 hxg4 23.Nf2 Qh7
24.fxg4 Rh6 25.h3 Nxe4 26.Bd3 Rxh3 27.Nxh3 Qxh3 28.Bxe4 Bxg4 29.Qc2 Nf5 30.Qg2 Qh5
31.Ra3 Nd4 32.Qh2 Qf7 33.Nxb6 Qc7 34.Qh7+ Kf8 35.Bf2 Qxb6 36.Rb1 Qc7 37.Bxd4 exd4
38.Rab3 Bc8 39.Rb8  1-0

[Event "20th Poznan Open"]
[Site "Poznan POL"]
[Date "2011.08.12"]
[Round "7.5"]
[White "Przybylski,W"]
[Black "Sklepinski,A"]
[Result "1-0"]
[WhiteElo "2356"]
[BlackElo "1751"]

1.Nf3 Nf6 2.d4 g6 3.c4 Bg7 4.Nc3 O-O 5.e4 d6 6.Be2 e5 7.O-O Nc6 8.d5 Ne7
9.b4 Nh5 10.Re1 f5 11.g3 Nf6 12.Ng5 fxe4 13.Ncxe4 Nf5 14.Bb2 Nxe4 15.Nxe4 Nd4
16.Bxd4 exd4 17.Bg4 Bf5 18.f4 h6 19.Nf2 Qd7 20.Re6 Rf6 21.Bxf5 gxf5 22.Qe2 Qa4
23.Rxf6 Bxf6 24.Qe6+ Kg7 25.Qxf5 Qxb4 26.Qd7+ Kf8 27.Qe6 Kg7 28.Re1 d3 29.Qg4+ Kf7
30.Qd7+ Kf8 31.Nxd3 Qxc4 32.Qf5 Qd4+ 33.Kg2 c6 34.Re6 Kg7 35.Ne5 Qxd5+ 36.Kh3 Bxe5
37.fxe5 dxe5 38.Re7+ Kg8 39.Qh7+  1-0

[Event "6th Ptuj Open"]
[Site "Ptuj SLO"]
[Date "2011.08.12"]
[Round "1"]
[White "Vujec,I"]
[Black "Skvorc,Emanuel"]
[Result "1-0"]
[WhiteElo "2063"]
[BlackElo "1780"]

1.d4 Nf6 2.c4 g6 3.Nc3 Bg7 4.e4 d6 5.Nf3 O-O 6.Be2 e5 7.O-O Nc6 8.d5 Ne7
9.Nd2 a5 10.Rb1 Nd7 11.a3 f5 12.b4 axb4 13.axb4 Kh8 14.Qc2 Bh6 15.c5 Bxd2
16.Bxd2 Nf6 17.f3 f4 18.Ra1 Rxa1 19.Rxa1 c6 20.Rd1 cxd5 21.exd5 Nfxd5 22.Nxd5 Nxd5
23.Bc4 Ne3 24.Bxe3 fxe3 25.Rxd6 Qg5 26.Qe2 Bf5 27.Rd1 e4 28.f4 Qe7 29.Qxe3 h6
30.h3 h5 31.Rd6 Ra8 32.g4 hxg4 33.hxg4 Bxg4 34.Rxg6 Ra1+ 35.Bf1 Bf3 36.f5 Qf8
37.Qd4+  1-0

[Event "FSFMB August"]
[Site "Budapest HUN"]
[Date "2011.08.14"]
[Round "9"]
[White "Breen,Anthony"]
[Black "Pogats,J"]
[Result "1-0"]
[WhiteElo "1663"]
[BlackElo "1879"]

1.d4 Nf6 2.c4 g6 3.Nc3 Bg7 4.e4 d6 5.Nf3 O-O 6.Be2 e5 7.O-O Nc6 8.d5 Ne7
9.b4 c5 10.bxc5 dxc5 11.Be3 b6 12.h3 Ne8 13.a4 f5 14.Bg5 h6 15.Bxe7 Qxe7
16.a5 Rb8 17.axb6 Rxb6 18.Qc2 Rb8 19.Qa4 a6 20.Rfb1 Rxb1+ 21.Rxb1 Nd6 22.Nd2 fxe4
23.Ncxe4 Bf5 24.Bd3 Bxe4 25.Bxe4 Qg5 26.Qd1 Qf4 27.Qe2 Nxe4 28.Nxe4 g5 29.Nxc5 Qf5
30.Ra1 e4 31.Rd1 Be5 32.Nxe4 Qf4 33.g3 Qf5 34.Kg2 Rb8 35.Qg4 Qf7 36.c5 Rb4
37.Nf6+  1-0

[Event "50th World Juniors"]
[Site "Chennai IND"]
[Date "2011.08.14"]
[Round "12.12"]
[White "Goganov,A"]
[Black "Girish,A"]
[Result "1-0"]
[WhiteElo "2489"]
[BlackElo "2309"]

1.d4 Nf6 2.c4 g6 3.Nc3 Bg7 4.e4 d6 5.Nf3 O-O 6.Be2 e5 7.O-O Nc6 8.d5 Ne7
9.Ne1 Nd7 10.Nd3 f5 11.Bd2 Nf6 12.f3 f4 13.c5 g5 14.cxd6 cxd6 15.Nf2 h5 16.h3 Rf7
17.Qc2 Ng6 18.Rfc1 Bf8 19.Nb5 Ne8 20.a4 a6 21.Na3 Rg7 22.Nc4 Bd7 23.Ba5 Qe7
24.Nb6 Rb8 25.Ra3 Nh4 26.Rc3 Rf7 27.Bd1 Bg7 28.Nxd7 Qxd7 29.Rc8 Rxc8 30.Qxc8 Bf6
31.Qxd7 Rxd7 32.Rc8 Kf7 33.Bb6 Ng7 34.a5 Kg6 35.Ba4 Rf7 36.Rc7 Rxc7 37.Bxc7 Be7
38.Bd7 Kf7 39.Bc8 Ne8 40.Bb6 Nf6 41.Bxb7 Nd7 42.Bc7 Nc5 43.Bc8 g4 44.hxg4 hxg4
45.Nxg4 Nd3 46.Bxa6 Nxb2 47.Bb5 Nd1 48.a6 Nc3 49.Bc6  1-0

[Event "20th Poznan Open"]
[Site "Poznan POL"]
[Date "2011.08.14"]
[Round "9.2"]
[White "Korbal,A"]
[Black "Chojnacki,K"]
[Result "0-1"]
[WhiteElo "2052"]
[BlackElo "2437"]

1.d4 Nf6 2.c4 g6 3.Nc3 Bg7 4.e4 d6 5.Nf3 O-O 6.Be2 e5 7.O-O Nc6 8.d5 Ne7
9.b4 Nh5 10.g3 f5 11.Ng5 Nf6 12.f3 c6 13.Be3 Bh6 14.Kh1 Nfxd5 15.cxd5 f4
16.Ne6 Bxe6 17.dxe6 fxe3 18.Bc4 b5 19.Bb3 a5 20.a3 axb4 21.axb4 Rxa1 22.Qxa1 Qb6
23.Ne2 Bg7 24.Qd1 d5 25.Qd3 d4 26.f4 exf4 27.gxf4 c5 28.bxc5 Qxc5 29.f5 gxf5
30.exf5 Kh8 31.Bc2 Bf6 32.Ng3 Rc8 33.Bb1 Qd5+ 34.Qe4 Rc3 35.Qxd5 Nxd5 36.Ne4 e2
37.Rg1 Re3 38.Nd6 h6  0-1

[Event "Etapa Recife CBX"]
[Site "Recife BRA"]
[Date "2011.08.14"]
[Round "9"]
[White "De Almeida,B"]
[Black "Perdomo,L"]
[Result "0-1"]
[WhiteElo "2176"]
[BlackElo "2384"]

1.Nf3 Nf6 2.c4 g6 3.Nc3 Bg7 4.e4 d6 5.d4 O-O 6.Be2 e5 7.O-O Nc6 8.d5 Ne7
9.b4 Nh5 10.Re1 a5 11.Rb1 axb4 12.Rxb4 Nf4 13.Bf1 b6 14.Be3 f5 15.a4 fxe4
16.Ng5 Nf5 17.Ngxe4 Rf7 18.f3 Nxe3 19.Rxe3 h5 20.Rb2 Bh6 21.Re1 Bd7 22.Ra2 Ra5
23.Qc2 g5 24.Nd2 g4 25.g3 gxf3 26.Nxf3 Bg4 27.Nh4 Bg5 28.Ng2 Nh3+ 29.Kh1 Qf6
30.Bd3 Nf2+ 31.Kg1 Qf3 32.Qxf2 Qxd3 33.Qc2 Qd4+ 34.Kh1 Qxc4 35.Qg6+ Kf8 36.Ne2 Qxa2
37.Qxg5 Qxe2  0-1

[Event "50th World Juniors"]
[Site "Chennai IND"]
[Date "2011.08.15"]
[Round "13"]
[White "Swayams,M"]
[Black "Praneeth,S"]
[Result "0-1"]
[WhiteElo "2378"]
[BlackElo "2036"]

1.d4 Nf6 2.c4 g6 3.Nc3 Bg7 4.e4 d6 5.Nf3 O-O 6.Be2 e5 7.O-O Nc6 8.d5 Ne7
9.Ne1 Nd7 10.Be3 f5 11.f3 f4 12.Bf2 g5 13.a4 a5 14.Nd3 b6 15.b4 Nf6 16.c5 bxc5
17.bxc5 Ng6 18.Rc1 Rf7 19.Nb5 Bf8 20.Qc2 Ne8 21.cxd6 cxd6 22.Nb2 h5 23.Nc4 Rb7
24.Qd2 g4 25.Nxa5 Rg7 26.Nc4 g3 27.hxg3 fxg3 28.Bxg3 Be7 29.Rc3 Bg5 30.Ne3 Nf4
31.Qe1 Nxe2+ 32.Qxe2 Bxe3+ 33.Qxe3 Rxg3 34.Qf2 Qg5 35.f4 exf4 36.Qxf4 Rxg2+
37.Kh1 Qxf4 38.Rxf4 Rg4 39.Rxg4+ Bxg4 40.Ra3 Bd7 41.Nc3 Kf7 42.Ra2 h4 43.Rf2+ Ke7
44.Rh2 Rc8 45.Ne2 Rc2 46.Nf4 Rxh2+ 47.Kxh2 Kf6 48.Nd3 Bxa4 49.e5+ dxe5 50.Nxe5 Kxe5
51.Kh3 Kxd5 52.Kxh4 Nf6 53.Kg5 Ke5 54.Kg6 Bc2+ 55.Kf7 Bf5 56.Kg7 Ke6 57.Kh6 Ne4
58.Kg7 Ke7 59.Kg8 Kf6 60.Kf8 Be6 61.Ke8 Nc5 62.Kd8 Bd7 63.Kc7 Ke6 64.Kd8 Na4
65.Kc7 Ke7 66.Kb7 Bb5 67.Kc7 Ke6 68.Kc8 Kd6 69.Kd8 Nc5 70.Kc8 Ne6 71.Kb7 Kc5
72.Ka7 Kc6 73.Kb8 Kb6 74.Kc8 Be8 75.Kb8 Bd7 76.Ka8 Nc5 77.Kb8 Na6+  0-1

[Event "SS Manhem GM"]
[Site "Gothenburg SWE"]
[Date "2011.08.15"]
[Round "3"]
[White "Smith,Ax"]
[Black "Berg,E"]
[Result "0-1"]
[WhiteElo "2465"]
[BlackElo "2604"]

1.d4 Nf6 2.c4 g6 3.Nc3 Bg7 4.e4 d6 5.Be2 O-O 6.Nf3 e5 7.O-O Nc6 8.d5 Ne7
9.b4 a5 10.Ba3 axb4 11.Bxb4 b6 12.a4 Re8 13.Qd3 Nf5 14.exf5 e4 15.Qd2 exf3
16.Bxf3 Bxf5 17.a5 bxa5 18.Bxa5 Nd7 19.Bb4 Rxa1 20.Rxa1 Qh4 21.Be2 Ne5 22.g3 Qxc4
23.Bxc4 Nf3+ 24.Kg2 Nxd2 25.Bb5 Rb8 26.Ra5 Nb3 27.Ra4 Nd4 28.Bc6 Bc2  0-1

[Event "26th Universiade Women"]
[Site "Shenzhen CHN"]
[Date "2011.08.16"]
[Round "3.6"]
[White "Shen Yang"]
[Black "Hairapetian,A"]
[Result "1-0"]
[WhiteElo "2459"]
[BlackElo "2177"]

1.d4 Nf6 2.c4 g6 3.Nc3 Bg7 4.e4 d6 5.Nf3 O-O 6.Be2 e5 7.O-O Nc6 8.d5 Ne7
9.Ne1 Nd7 10.Nd3 f5 11.f3 f4 12.Bd2 g5 13.Rc1 Ng6 14.c5 Rf7 15.Nb5 a6 16.cxd6 axb5
17.dxc7 Qf6 18.Qb3 Qb6+ 19.Nf2 g4 20.fxg4 f3 21.Bxf3 Bf8 22.Be3 Qa5 23.Nh3 h6
24.g5 Bd6 25.gxh6 Ndf8 26.Ng5 Rxc7 27.Rxc7 Qxc7 28.Qxb5 Bd7 29.Qb3 Ba4 30.Qd3 Nf4
31.Qd2 Bb5 32.Ra1 Rc8 33.a4 Bd7 34.Qf2 Bc5 35.Bxc5 Qxc5 36.Qxc5 Rxc5 37.a5 Bb5
38.g3 Ne2+ 39.Kg2 Nd4 40.Bg4 Rc2+ 41.Kh3 Nh7 42.Ne6 Nxe6 43.Bxe6+ Kf8 44.Ra3 Bf1+
45.Kg4 Be2+ 46.Kf5 Bh5 47.Rb3 Rc5 48.d6 Be8 49.Rxb7  1-0

[Event "Shepetivka Open"]
[Site "Shepetivka UKR"]
[Date "2011.08.17"]
[Round "2.5"]
[White "Polishchuk,O"]
[Black "Andrienko,Petr"]
[Result "1-0"]
[WhiteElo "2215"]
[BlackElo "2021"]

1.c4 Nf6 2.Nf3 g6 3.d4 Bg7 4.Nc3 O-O 5.e4 d6 6.Be2 e5 7.O-O Nc6 8.d5 Ne7
9.Ne1 Nd7 10.Nd3 f5 11.f3 a5 12.Bd2 b6 13.a3 Nf6 14.b4 f4 15.c5 g5 16.cxd6 cxd6
17.Nf2 h5 18.Rc1 Bd7 19.Nb5 Ne8 20.Qb3 Nc8 21.Rc2 Na7 22.bxa5 bxa5 23.a4 Qb6
24.Rb1 g4 25.Kf1 g3 26.hxg3 fxg3 27.Be3 Qb8 28.Nh3 Nxb5 29.Bxb5 Bxh3 30.gxh3 Rxf3+
31.Kg2 Rf7 32.Bc6 Qxb3 33.Rxb3 Rc8 34.Kxg3 Nf6 35.Rc4 Kh7 36.Bb6 Rg8 37.Rf3 Bh6+
38.Kf2 Bf4 39.Bxa5 Rfg7 40.Rxf4 Rg2+ 41.Ke3 exf4+ 42.Kxf4 h4 43.Kf5 R8g6
44.e5 R2g5+ 45.Ke6 Nxd5+ 46.Kxd5 Rxe5+ 47.Kd4 Rxa5 48.Be4 Kh6 49.Bxg6 Kxg6
50.Kc3 Kh5 51.Kb4 Re5 52.a5 Re1 53.a6 d5 54.Rd4 Kg5 55.Kc5 Ra1 56.Kb5 Kf5
57.Ra4 Rb1+ 58.Kc5 Rc1+ 59.Kxd5 Rd1+ 60.Kc6 Rc1+ 61.Kb5 Rb1+ 62.Rb4 Ra1 63.Kb6  1-0

[Event "Manhattan Open"]
[Site "New York USA"]
[Date "2011.08.18"]
[Round "2"]
[White "Kacheishvili,G"]
[Black "Castaneda,N"]
[Result "1-0"]
[WhiteElo "2582"]
[BlackElo "2229"]

1.d4 Nf6 2.c4 g6 3.Nc3 Bg7 4.e4 d6 5.Nf3 O-O 6.Be2 e5 7.O-O Nc6 8.d5 Ne7
9.Ne1 Ne8 10.Be3 f5 11.f3 f4 12.Bf2 g5 13.c5 Rf6 14.Nd3 h5 15.Kh1 Rg6 16.Rg1 Nf6
17.g3 fxg3 18.Rxg3 Kh7 19.Be3 Bh6 20.Qd2 h4 21.Rgg1 Nh5 22.b4 Bd7 23.b5 b6
24.c6 Be8 25.Bf1 Nf4 26.Nxf4 gxf4 27.Bf2 Rxg1+ 28.Bxg1 Bh5 29.Qe2 Qc8 30.Nd1 a6
31.bxa6 Qxa6 32.a4 Qa5 33.Bf2 Qb4 34.Bxh4 Qb3 35.Bg2 Ng6 36.Be1 Rxa4 37.Rxa4 Qxa4
38.Nc3 Qa1 39.Qd1 Qxd1 40.Nxd1 Bg5 41.Nc3 Nh4 42.Bxh4 Bxh4 43.Kg1 Kg6 44.Kf1 Bd8
45.Ke2 Kf7 46.Kd3 Ke8 47.Nb5 Ke7 48.Kc4 Kf6 49.Nc3 Kg5 50.Kb5 Kh4 51.Ka6 Bxf3
52.Bxf3 Kh3 53.Kb7 Kxh2 54.Ne2 b5 55.Kc8 Bh4 56.Kxc7 b4 57.Kxd6 b3 58.c7 b2
59.Nc3 Be1 60.Nb1  1-0

[Event "Shepetivka Open"]
[Site "Shepetivka UKR"]
[Date "2011.08.19"]
[Round "6.1"]
[White "Polishchuk,O"]
[Black "Terletsky,O"]
[Result "1-0"]
[WhiteElo "2215"]
[BlackElo "2199"]

1.c4 Nf6 2.Nc3 g6 3.e4 d6 4.d4 Bg7 5.Be2 O-O 6.Nf3 e5 7.O-O Nc6 8.d5 Ne7
9.b4 Nh5 10.a4 Nf4 11.a5 a6 12.Ne1 f5 13.f3 g5 14.Nd3 Neg6 15.exf5 Bxf5 16.Ne4 g4
17.Ndf2 gxf3 18.Bxf3 Nh4 19.Ra3 Kh8 20.g3 Nxf3+ 21.Rxf3 Ng6 22.Ng5 Qd7 23.g4 Bb1
24.Ne6 Rxf3 25.Qxf3 Nf8 26.Bg5 Bg6 27.Nxg7 Kxg7 28.Qf6+ Kg8 29.Bh6 Bc2 30.Rc1 Bg6
31.h4 Qf7 32.Qg5 Qf4 33.Qxf4 exf4 34.h5 Bf7 35.Ne4 Nd7 36.Rf1 Ne5 37.Rxf4 Rd8
38.Kh2 Rb8 39.Kg3 b6 40.Nf6+ Kh8 41.axb6 cxb6 42.Ne4 b5 43.Nxd6 Kg8 44.Rf5  1-0

[Event "5th Zupanja Open"]
[Site "Zupanja CRO"]
[Date "2011.08.19"]
[Round "1"]
[White "Jaklin,D"]
[Black "Jovanovic,Zo CRO"]
[Result "0-1"]
[WhiteElo "1984"]
[BlackElo "2577"]

1.d4 d6 2.Nf3 g6 3.c4 Bg7 4.Nc3 Nf6 5.e4 O-O 6.Be2 e5 7.O-O Nc6 8.d5 Ne7
9.Nd2 Nd7 10.b4 a5 11.bxa5 Rxa5 12.Nb3 Ra8 13.Be3 f5 14.f3 f4 15.Bf2 b6 16.a4 Nc5
17.a5 g5 18.Nb5 h5 19.Nd2 Ng6 20.axb6 Rxa1 21.Qxa1 cxb6 22.Qa7 g4 23.Qc7 Qg5
24.Kh1 g3 25.Be1 Qh4  0-1

[Event "Botvinnik 100th Open"]
[Site "St Petersburg RUS"]
[Date "2011.08.20"]
[Round "9"]
[White "Bazeev,G"]
[Black "Bulanov,D"]
[Result "0-1"]
[WhiteElo "2312"]
[BlackElo "2379"]

1.d4 Nf6 2.Nf3 g6 3.c4 Bg7 4.Nc3 O-O 5.e4 d6 6.Be2 e5 7.O-O Nc6 8.d5 Ne7
9.Ne1 Nd7 10.Be3 f5 11.f3 f4 12.Bf2 g5 13.Rc1 Ng6 14.c5 Nxc5 15.b4 Na6 16.Nb5 Bd7
17.a3 Bxb5 18.Bxb5 Nb8 19.Rc3 Rf7 20.Be2 Bf6 21.Nd3 Qe8 22.Nb2 Bd8 23.Nc4 b6
24.a4 Nd7 25.a5 Nf6 26.a6 g4 27.g3 Rg7 28.Kh1 h5 29.Rg1 Qd7 30.Qf1 Qa4 31.Bd1 Qxa6
32.gxf4 Nxf4 33.Be3 Qb5 34.Bxf4 exf4 35.Rc2 g3 36.Qh3 Qd7 37.Qxd7 Nxd7 38.hxg3 Rxg3
39.Rxg3+ fxg3 40.f4 h4 41.Bg4 Nf6 42.Bf3 Be7 43.e5 Ne8 44.f5 Bg5 45.Kg2 a5
46.f6 axb4 47.Bh5 Kf8 48.f7 Ng7 49.exd6 Nxh5 50.dxc7 Nf4+ 51.Kf3 Nxd5 52.Ne5 Rc8
53.Ke4 Rxc7  0-1

[Event "3rd Senica Open"]
[Site "Senica SVK"]
[Date "2011.08.23"]
[Round "3.11"]
[White "Vacek,O"]
[Black "Kubik,M"]
[Result "1-0"]
[WhiteElo "2111"]
[BlackElo "1913"]

1.Nf3 Nf6 2.c4 g6 3.Nc3 Bg7 4.e4 d6 5.d4 O-O 6.Be2 e5 7.O-O Nc6 8.dxe5 dxe5
9.Bg5 Qxd1 10.Rfxd1 Bg4 11.h3 Bxf3 12.Bxf3 Nd4 13.Nd5 Nxd5 14.cxd5 f5 15.Rac1 Rf7
16.Kf1 f4 17.Bg4 h6 18.Rxd4 exd4 19.Be6 hxg5 20.Rxc7 Rf8 21.Rxb7 Be5 22.Rxa7 Kg7
23.Rxf7+ Rxf7 24.Bxf7 Kxf7 25.Ke2 Ke7 26.Kd3 Kd6 27.b4 Kc7 28.a4 Kb6 29.Kc4 Kb7
30.f3 Kb6 31.Kd3 Bf6 32.a5+ Kc7 33.Kc4 Be5 34.b5 Kb7 35.d6 Bxd6 36.Kxd4 Bb4
37.a6+ Kb6 38.Kd5 Be7 39.e5 Bd8 40.Ke6 Kc7 41.a7 Kb7 42.Kd7  1-0

[Event "26th Schwarzacher Open"]
[Site "Schwarzach AUT"]
[Date "2011.08.28"]
[Round "9"]
[White "Mueller,Marc"]
[Black "Niedermeier,T"]
[Result "1-0"]
[WhiteElo "2167"]
[BlackElo "2153"]

1.Nf3 Nf6 2.c4 g6 3.Nc3 Bg7 4.e4 d6 5.d4 O-O 6.Be2 e5 7.O-O Nc6 8.d5 Ne7
9.Ne1 Nd7 10.Be3 f5 11.f3 f4 12.Bf2 g5 13.Rc1 Rf6 14.Nd3 Rh6 15.c5 Qe8 16.Kh1 Qh5
17.Bg1 Nf6 18.cxd6 cxd6 19.Nf2 Qf7 20.Ng4 Rg6 21.Nxf6+ Qxf6 22.Nb5 b6 23.Rc7 h5
24.Nxa7 Rxa7 25.Rxa7 Bf8 26.Ba6 g4 27.Bxc8 Nxc8 28.Ra8 Ne7 29.Bxb6 h4 30.fxg4 h3
31.g3  1-0

[Event "18th Graz Open"]
[Site "Graz AUT"]
[Date "2011.08.31"]
[Round "5"]
[White "Dietmayer Kraeutler,M"]
[Black "Mitkovski,Z"]
[Result "1/2-1/2"]
[WhiteElo "2222"]
[BlackElo "2151"]

1.d4 Nf6 2.c4 g6 3.Nc3 Bg7 4.e4 d6 5.Nf3 O-O 6.Be2 e5 7.O-O Nc6 8.d5 Ne7
9.b4 b6 10.a4 a5 11.Ba3 axb4 12.Bxb4 Ba6 13.a5 bxa5 14.Bxa5 Nd7 15.Qc2 Nc5
16.Bb4 c6 17.h3 cxd5 18.cxd5 Bxe2 19.Qxe2 Rxa1 20.Rxa1  1/2-1/2

[Event "Richard Reti Mem"]
[Site "Trnava SVK"]
[Date "2011.09.01"]
[Round "5.1"]
[White "Pacher,M"]
[Black "Mazur,Ste"]
[Result "0-1"]
[WhiteElo "2408"]
[BlackElo "2386"]

1.d4 Nf6 2.c4 g6 3.Nc3 Bg7 4.e4 d6 5.Nf3 O-O 6.Be2 e5 7.O-O Nc6 8.d5 Ne7
9.Ne1 Nd7 10.f3 f5 11.g4 Kh8 12.h4 Ng8 13.g5 h6 14.exf5 gxf5 15.f4 Ne7 16.Ng2 Nc5
17.gxh6 Bf6 18.fxe5 dxe5 19.Be3 b6 20.b4 Nb7 21.Qe1 Rg8 22.Kh1 a5 23.bxa5 Rxa5
24.a4 Nd6 25.Ra3 f4 26.Bf2 Qd7 27.Nb5 Rxa4 28.Rb3 Nxb5 29.cxb5 Qxd5 30.Rf3 Bb7
31.h7 Rg7 32.Rg1 Qe6 33.Kh2 Bxf3 34.Bxf3 Ra3 35.Qd1 Qd6 36.Qe2 Qd3 37.Qxd3 Rxd3
38.Be4 Rd2 39.Be1 Ra2 40.h5 Nc8 41.h6 Rxh7 42.Kh3 Rxh6+ 43.Kg4 Nd6 44.Bd5 Ra3
45.Nh4 Bxh4 46.Bxh4 Rg6+ 47.Bg5 Rg3+ 48.Rxg3 fxg3 49.Kh5 Rxg5+  0-1

[Event "Lion Cup"]
[Site "Lviv UKR"]
[Date "2011.09.02"]
[Round "6.3"]
[White "Zazuliak,A"]
[Black "Smolkin,A"]
[Result "1-0"]
[WhiteElo "2189"]
[BlackElo "1965"]

1.d4 Nf6 2.c4 g6 3.Nc3 Bg7 4.e4 O-O 5.Be2 d6 6.Nf3 e5 7.O-O Nc6 8.Be3 Ng4
9.Bg5 f6 10.Bh4 g5 11.Bg3 Nh6 12.dxe5 dxe5 13.h3 Be6 14.Qa4 Qe7 15.Nd5 Qf7
16.Rfd1 Rfd8 17.Rac1 Kh8 18.b4 g4 19.hxg4 Bxg4 20.b5 Bxf3 21.Bxf3 Nd4 22.Rxd4 exd4
23.Bxc7 Rg8 24.c5 f5 25.e5 f4 26.Qxd4 Nf5 27.Qe4 Nh4 28.Re1 Rae8 29.Kf1 Qd7
30.a4 Nxf3 31.Qxf3 Qe6 32.Bd6 Bf8 33.Nf6 Rg6 34.Nxe8 Rh6 35.Qxf4 Rh1+ 36.Ke2 Qa2+
37.Kf3 Qd5+ 38.Re4 Qb3+ 39.Re3 Qd5+ 40.Kg3 Bh6 41.Qf6+ Kg8 42.Rf3 Rh5 43.Qf8+  1-0

[Event "18th Graz Open"]
[Site "Graz AUT"]
[Date "2011.09.03"]
[Round "8"]
[White "Shengelia,D"]
[Black "Lanka,Z"]
[Result "1-0"]
[WhiteElo "2513"]
[BlackElo "2469"]

1.d4 Nf6 2.Nf3 g6 3.c4 Bg7 4.Nc3 d6 5.e4 O-O 6.Be2 e5 7.O-O Nc6 8.d5 Ne7
9.Ne1 Nd7 10.Be3 f5 11.f3 f4 12.Bf2 g5 13.Rc1 a6 14.Nd3 Ng6 15.c5 dxc5 16.Nxc5 Nxc5
17.Bxc5 Rf6 18.Qb3 Kh8 19.d6 cxd6 20.Bb6 Qf8 21.Nd5 Bd7 22.Nxf6 Bxf6 23.Rc7 Qe8
24.Bc4 Ba4 25.Qb4 Be7 26.Rxe7 Nxe7 27.Qxd6 Kg7 28.Qxe5+ Kh6 29.h4 Qg6 30.Bd4 Nc6
31.hxg5+ Kh5 32.Qxf4 Nxd4 33.Qg4+  1-0